[Event "Oberliga Nord W 2122"]
[Site "Germany"]
[Date "2021.10.10"]
[Round "1.8"]
[White "Wilmink, Anna"]
[Black "Ernst, Franz"]
[Result "1-0"]
[WhiteElo "1560"]
[BlackElo "1938"]
[PlyCount "72"]
[EventDate "2021.10.10"]
[EventType "team-tourn"]
[EventRounds "9"]
[EventCountry "GER"]
[SourceTitle "EXT 2023"]
[Source "ChessBase"]
[SourceDate "2022.10.05"]
[SourceVersion "1"]
[SourceVersionDate "2022.10.05"]
[SourceQuality "1"]
[WhiteTeam "Nordhorn Blanke"]
[BlackTeam "Hellern"]
[WhiteTeamCountry "GER"]
[BlackTeamCountry "GER"]

1. e4 e5 2. Nf3 d6 3. d4 exd4 4. Nxd4 Nf6 5. Nc3 Be7 6. f4 0-0 7. Be2 Re8 8. 0-0 c5 9. Nf5 Bf8 10. Bf3 Nc6 11. g4 Bxf5 12. exf5 Qb6 13. g5 Nd7 14. Bd5 Ne7 15. Bc4 Qc6 16. Qg4 d5 17. Bb5 Qd6 18. f6 Nc6 19. Qf5 Nb6 20. fxg7 Bxg7 21. Bd3 Qg6 22. Qh3 Bd4+ 23. Kh1 Qg7 24. f5 f6 25. g6 c4 26. Bh6 Qd7 27. gxh7+ Kh8 28. Be2 Re7 29. Bh5 Ne5 30. Qh4 Nf7 31. Bxf7 Rxf7 32. Qxd4 Rd8 33. Rf3 Qd6 34. Re1 Rxh7 35. Re6 Rxh6 36. Rxd6 Rxd6 1-0

[Event "Oberliga Nord W 1920"]
[Site "Germany"]
[Date "2019.12.08"]
[Round "4.8"]
[White "Belov, Igor1111"]
[Black "Ernst, Franz"]
[Result "1/2-1/2"]
[WhiteElo "2051"]
[BlackElo "1978"]
[PlyCount "83"]
[EventDate "2019.09.29"]
[EventType "team-tourn"]
[EventRounds "9"]
[EventCountry "GER"]
[SourceTitle "CBM 195 Extra"]
[Source "ChessBase"]
[SourceDate "2020.05.31"]
[SourceVersion "1"]
[SourceVersionDate "2020.05.31"]
[SourceQuality "1"]

1. c4 e6 2. Nc3 d5 3. d4 c5 4. cxd5 exd5 5. e3 Nf6 6. Nf3 Nc6 7. Be2 a6 8. 0-0 Bd6 9. dxc5 Bxc5 10. Nd4 0-0 11. Nxc6 bxc6 12. Bf3 Qd6 13. b3 Bf5 14. Bb2 Rfe8 15. Na4 Ba7 16. Rc1 Rac8 17. Qe2 Ne4 18. Bg4 Bxg4 19. Qxg4 Qh6 20. h3 f5 21. Qf4 Qe6 22. Rc2 Bb8 23. Qf3 Qd6 24. g3 Qg6 25. Rfc1 Ng5 26. Qg2 Qh5 27. h4 Nf3+ 28. Kf1 Re6 29. Nb6 Rce8 30. Rxc6 Rxc6 31. Rxc6 d4 32. Bc1 Ne5 33. Qd5+ Kh8 34. Rc5 Nd3 35. Qxf5 Qd1+ 36. Kg2 Nxc5 37. Qxc5 dxe3 38. Bxe3 Qg4 39. Nc4 Qe4+ 40. Kg1 Qe6 41. Kh2 Rc8 42. Qd4 1/2-1/2

[Event "Niedersachsen-ch op-A"]
[Site "Verden"]
[Date "2015.01.03"]
[Round "4"]
[White "Ernst, Franz"]
[Black "Pietsch, David"]
[Result "1-0"]
[WhiteElo "2070"]
[BlackElo "1753"]
[PlyCount "77"]
[EventDate "2015.01.02"]
[EventType "swiss"]
[EventRounds "7"]
[EventCountry "GER"]
[SourceTitle "EXT 2018"]
[Source "ChessBase"]
[SourceDate "2017.10.13"]
[SourceVersion "1"]
[SourceVersionDate "2017.10.13"]
[SourceQuality "1"]

1. e4 e6 2. d4 d5 3. Nc3 Bb4 4. a3 Bxc3+ 5. bxc3 dxe4 6. f3 exf3 7. Nxf3 Nf6 8. Bd3 Nbd7 9. 0-0 c5 10. Rb1 cxd4 11. cxd4 h6 12. Bf4 Nd5 13. Bd2 Qc7 14. Qc1 N7f6 15. c4 Nb6 16. Ba5 Qe7 17. Re1 Bd7 18. Bb4 Qd8 19. Qd2 Bc6 20. d5 Nbxd5 21. cxd5 Nxd5 22. Bc5 b6 23. Bf2 0-0 24. Ne5 Bb7 25. Bg3 Nf6 26. Rbd1 Qe7 27. Qb2 Rad8 28. Bb1 Qc5+ 29. Kh1 Rxd1 30. Rxd1 Rc8 31. Qe2 Qxa3 32. Bf4 Nd5 33. Bd2 Qb2 34. Qe4 f5 35. Qe1 Nc3 36. Nc4 Qb3 37. Qxe6+ Kh7 38. Bxf5+ g6 39. Qxg6+ 1-0

[Event "Niedersachsen-ch op-A"]
[Site "Verden"]
[Date "2015.01.02"]
[Round "2"]
[White "Ernst, Franz"]
[Black "Modder, Frank"]
[Result "1/2-1/2"]
[WhiteElo "2070"]
[BlackElo "1923"]
[PlyCount "68"]
[EventDate "2015.01.02"]
[EventType "swiss"]
[EventRounds "7"]
[EventCountry "GER"]
[SourceTitle "EXT 2018"]
[Source "ChessBase"]
[SourceDate "2017.10.13"]
[SourceVersion "1"]
[SourceVersionDate "2017.10.13"]
[SourceQuality "1"]

1. e4 e6 2. d4 d5 3. Nc3 Nf6 4. Bg5 Bb4 5. a3 Bxc3+ 6. bxc3 dxe4 7. f3 Qd5 8. Be3 exf3 9. Nxf3 Qe4 10. Qd3 Nbd7 11. Be2 0-0 12. 0-0 b6 13. Rae1 Qxd3 14. Bxd3 Bb7 15. Bd2 c5 16. Ne5 Nxe5 17. dxe5 Nd7 18. Bb5 Nb8 19. Bg5 a6 20. Bd3 Nc6 21. Be4 Na5 22. Bd3 Bd5 23. Rf4 h6 24. Be7 Rfe8 25. Bd6 Nb7 26. Bc7 b5 27. a4 Rec8 28. Bb6 c4 29. Be2 Nc5 30. axb5 axb5 31. Ref1 Nd7 32. Bd4 Rf8 33. Rb1 Rfb8 34. Rbf1 Rf8 1/2-1/2

[Event "Niedersachsen-ch op-A"]
[Site "Verden"]
[Date "2015.01.02"]
[Round "1"]
[White "Hupe, Henning"]
[Black "Ernst, Franz"]
[Result "1/2-1/2"]
[WhiteElo "2014"]
[BlackElo "2070"]
[PlyCount "40"]
[EventDate "2015.01.02"]
[EventType "swiss"]
[EventRounds "7"]
[EventCountry "GER"]
[SourceTitle "EXT 2018"]
[Source "ChessBase"]
[SourceDate "2017.10.13"]
[SourceVersion "1"]
[SourceVersionDate "2017.10.13"]
[SourceQuality "1"]

1. d4 d5 2. Nf3 e6 3. Bf4 Be7 4. e3 Nf6 5. Bd3 c5 6. c3 Nc6 7. Nbd2 0-0 8. 0-0 b6 9. h3 Bb7 10. Qe2 Qd7 11. Rad1 h6 12. Ne5 Nxe5 13. dxe5 Nh7 14. Qg4 g5 15. Bh2 f5 16. exf6 Nxf6 17. Qe2 Bd6 18. Nf3 Bxh2+ 19. Nxh2 e5 20. e4 d4 1/2-1/2

[Event "Oberliga Nord W 1415"]
[Site "Germany"]
[Date "2014.10.19"]
[Round "2.8"]
[White "Ernst, Franz"]
[Black "Wall, Max"]
[Result "1-0"]
[WhiteElo "2064"]
[BlackElo "1929"]
[PlyCount "35"]
[EventDate "2014.09.22"]
[EventType "team-tourn"]
[EventRounds "9"]
[EventCountry "GER"]
[SourceTitle "EXT 2016"]
[Source "ChessBase"]
[SourceDate "2015.10.08"]
[SourceVersion "1"]
[SourceVersionDate "2015.10.08"]
[SourceQuality "1"]
[WhiteTeam "Hellern"]
[BlackTeam "Lister Turm"]
[WhiteTeamCountry "GER"]
[BlackTeamCountry "GER"]

1. e4 c5 2. Nf3 d6 3. d4 cxd4 4. Nxd4 Nf6 5. Nc3 Nc6 6. Be2 g6 7. 0-0 Bg7 8. Be3 0-0 9. a4 Bd7 10. Nb3 Rc8 11. f4 Na5 12. Bxa7 Nxb3 13. cxb3 b6 14. Qd4 Rc5 15. Qb4 Rc6 16. e5 dxe5 17. fxe5 Nh5 18. Nd5 1-0

[Event "Niedersachsen-ch op-A"]
[Site "Verden"]
[Date "2014.01.04"]
[Round "6"]
[White "Woellermann, Jan"]
[Black "Ernst, Franz"]
[Result "1-0"]
[WhiteElo "2205"]
[BlackElo "2061"]
[PlyCount "93"]
[EventDate "2014.01.02"]
[EventType "swiss"]
[EventRounds "7"]
[EventCountry "GER"]
[SourceTitle "EXT 2016"]
[Source "ChessBase"]
[SourceDate "2015.10.08"]
[SourceVersion "1"]
[SourceVersionDate "2015.10.08"]
[SourceQuality "1"]

1. d4 d5 2. Nc3 Nf6 3. Bf4 c6 4. Qd2 Bf5 5. f3 h6 6. g4 Bh7 7. e3 e6 8. Bd3 Bb4 9. Nge2 Nbd7 10. 0-0-0 Nb6 11. a3 Bd6 12. h4 Bxd3 13. cxd3 Bxf4 14. Nxf4 Qe7 15. e4 dxe4 16. dxe4 0-0-0 17. Qf2 e5 18. dxe5 Qxe5 19. Nd3 Qa5 20. Qc5 Qxc5 21. Nxc5 Nfd7 22. Nxd7 Nxd7 23. f4 Nc5 24. Kc2 Ne6 25. Ne2 Nc5 26. Nc3 Ne6 27. Rhf1 Nd4+ 28. Kb1 Kc7 29. h5 a5 30. Rf2 Ne6 31. Rg1 Rd4 32. Kc2 b5 33. f5 Ng5 34. f6 gxf6 35. Rxf6 b4 36. axb4 axb4 37. Rd1 Rhd8 38. Nd5+ R4xd5 39. exd5 cxd5 40. Rxh6 Rd7 41. Ra6 Kb7 42. Rf6 Ne4 43. Rf5 d4 44. h6 f6 45. Rb5+ Kc6 46. Rxb4 d3+ 47. Rxd3 1-0

[Event "Niedersachsen-ch op-A"]
[Site "Verden"]
[Date "2014.01.02"]
[Round "2"]
[White "Braje, Monika"]
[Black "Ernst, Franz"]
[Result "0-1"]
[WhiteElo "1793"]
[BlackElo "2061"]
[PlyCount "50"]
[EventDate "2014.01.02"]
[EventType "swiss"]
[EventRounds "7"]
[EventCountry "GER"]
[SourceTitle "EXT 2016"]
[Source "ChessBase"]
[SourceDate "2015.10.08"]
[SourceVersion "1"]
[SourceVersionDate "2015.10.08"]
[SourceQuality "1"]

1. e4 e5 2. Nf3 d6 3. d4 exd4 4. Nxd4 Nf6 5. Bd3 Be7 6. 0-0 0-0 7. Nc3 a6 8. Bg5 b5 9. Nf5 Bxf5 10. exf5 Nbd7 11. Re1 Re8 12. Kh1 Ne5 13. Bxf6 Bxf6 14. Be4 Rb8 15. Qh5 Nc4 16. Bc6 Rxe1+ 17. Rxe1 Bxc3 18. bxc3 Qf6 19. Bd5 Nb6 20. Bb3 c5 21. Be6 fxe6 22. Rxe6 Qf7 23. Qe2 Nc4 24. g4 Kf8 25. f6 gxf6 0-1